Habitat translocation (Record no. 103200)

MARC details
000 -LEADER
fixed length control field 01346cam a22003135a 4500
001 - CONTROL NUMBER
control field L124322
008 - FIXED-LENGTH DATA ELEMENTS--GENERAL INFORMATION
fixed length control field 080918s2003 000 0 eng u
020 ## - INTERNATIONAL STANDARD BOOK NUMBER
International Standard Book Number 0860176002
035 ## - SYSTEM CONTROL NUMBER
System control number (Sirsi) u124322
041 ## - LANGUAGE CODE
Language code of text/sound track or separate title eng
050 ## - LIBRARY OF CONGRESS CALL NUMBER
Classification number 639.9
-- 18
100 ## - MAIN ENTRY--PERSONAL NAME
Personal name Anderson, Penny
245 ## - TITLE STATEMENT
Title Habitat translocation
Remainder of title a best practice guide
260 ## - PUBLICATION, DISTRIBUTION, ETC.
Place of publication, distribution, etc. London
Name of publisher, distributor, etc. CIRIA
Date of publication, distribution, etc. 2003
300 ## - PHYSICAL DESCRIPTION
Extent 83p.
Other physical details ill.
Dimensions 2003
350 ## - PRICE (NR) (BK AM CF MU VM SE) [OBSOLETE]
Price 95
490 ## - SERIES STATEMENT
Series statement CIRIA Publication
Volume/sequential designation C600
520 ## - SUMMARY, ETC.
Summary, etc. Habitat translocation is the process of moving soils with their vegetation and associated animals, to rescue habitats from development or extraction schemes. This best practice guide sets out minimum standards for habitat translocations and covers the obstacles involved, the planning process, the contractual context, the mechanics of translocation, aftercare and maintenance, and the costs of translocation. Glossary, references and appendices.
520 ## - SUMMARY, ETC.
Summary, etc. Accompanied by a CD-ROM (L145255) which is not available for loan.
650 ## - SUBJECT ADDED ENTRY--TOPICAL TERM
Topical term or geographic name entry element HABITATS
650 ## - SUBJECT ADDED ENTRY--TOPICAL TERM
Topical term or geographic name entry element HABITAT CONSERVATION
650 ## - SUBJECT ADDED ENTRY--TOPICAL TERM
Topical term or geographic name entry element PLANNING PROCESS
650 ## - SUBJECT ADDED ENTRY--TOPICAL TERM
Topical term or geographic name entry element TRANSLOCATION
651 #4 - SUBJECT ADDED ENTRY--GEOGRAPHIC NAME
Geographic name united kingdom
690 ## - LOCAL SUBJECT ADDED ENTRY--TOPICAL TERM (OCLC, RLIN)
Topical term or geographic name as entry element RURAL-NATURE CONSERVATION
710 ## - ADDED ENTRY--CORPORATE NAME
Corporate name or jurisdiction name as entry element Construction Industry Research and Information Association
9 (RLIN) 4810
710 ## - ADDED ENTRY--CORPORATE NAME
Corporate name or jurisdiction name as entry element England
Subordinate unit Highways Agency
9 (RLIN) 1666
942 ## - ADDED ENTRY ELEMENTS (KOHA)
Suppress in OPAC 0
Holdings
Withdrawn status Lost status Source of classification or shelving scheme Damaged status Not for loan Home library Current library Shelving location Date acquired Total Checkouts Full call number Barcode Date last seen Date last checked out Copy number Price effective from Koha item type
    Dewey Decimal Classification     London London Folio 13/11/2003 1 F639.9 AND 30067889 06/08/2019 07/09/2004 1 06/08/2019 Book